00577nam a2200181Ia 4500003000900000008004100009020002200050040001600072080001500088100002300103245014000126260002500266300001500291650001400306650003000320650002400350700002100374IN-BaIIA211028s9999 xx 000 0 eng d a978-3-319-08212-7 cIIA Library a524.8bVIS aVishveshwara, C. V 0aUniverse unveiledbeclipses, transits and occultationscC. V Vishveshwara and William Sheehan  aChambSpringerc2015 axiv, 243p. aCosmology aCosmology - popular works aScience - astronomy aSheehan, William